| 000 | 00611nam a2200241 a 4500 | ||
|---|---|---|---|
| 001 | nice12345678 | ||
| 003 | IN_TiNIC | ||
| 005 | 20260116011456.0 | ||
| 008 | 050524s1945 laha grp 000 0 eng | ||
| 020 |
_a _c100 |
||
| 082 | 0 | 0 |
_a323.39710954 _bKHE |
| 100 | _aKheri, Mohd Abdus Sattar | ||
| 245 | _aNational States and National Minorities | ||
| 260 |
_aLahore _bSh. Muhammad Ashraf _c1945 |
||
| 300 | _a20p | ||
| 500 | _aincludes index and biblioraphy | ||
| 505 | 2 | _aIndex | |
| 650 | _aMinorities-India | ||
| 700 | 1 | _aKheri, Mohd Abdus Sattar | |
| 902 | _bSRS | ||
| 942 | _cBK | ||
| 999 |
_c1876 _d1876 |
||